LIBRARY & INFORMATION CENTRE, KCAET, TAVANUR

ONLINE PUBLIC ACCESS CATALOGUE (OPAC)

Biological monitoring for pesticide exposure measurement estimation and risk reduction / (Record no. 9911)

MARC details
000 -LEADER
fixed length control field 00504cam a2200181ua 4500
041 ## - LANGUAGE CODE
Language code of text/sound track or separate title eng
082 ## - DEWEY DECIMAL CLASSIFICATION NUMBER
Classification number 028.74570
Item number WAN/BI
100 ## - MAIN ENTRY--AUTHOR NAME
Personal name Wang, G m .
245 ## - TITLE STATEMENT
Title Biological monitoring for pesticide exposure measurement estimation and risk reduction /
260 ## - PUBLICATION, DISTRIBUTION, ETC. (IMPRINT)
Place of publication :
Name of publisher American chemical society ,
Year of publication 1989.
300 ## - PHYSICAL DESCRIPTION
Number of Pages 390 ; .
700 1# - ADDED ENTRY--PERSONAL NAME
Personal name Rhoda, .
942 ## - ADDED ENTRY ELEMENTS (KOHA)
Koha item type Books
Holdings
Withdrawn status Lost status Damaged status Home library Current library Date acquired Full call number Accession Number Koha item type
      KAUAET KAUAET 07/04/2012 028.74570 19481 Books
free website counter